Informačný systém vo vybranej organizácii bakalárska práca

Salvato in:
Dettagli Bibliografici
Autore principale: Duchová, Paulina
Ente Autore: Fakulta podnikového manažmentu EU. Katedra informačného manažmentu
Altri autori: Bolek, Vladimír, 1988-
Natura: Libro
Lingua:slovacco
Pubblicazione: Bratislava 2025
Tags: Aggiungi Tag
Nessun Tag, puoi essere il primo ad aggiungerne!!

MARC

LEADER 00000nbm a2200000 4500
001 0310090
005 20260113142455.2
041 0 |a slo 
044 |a SK 
245 1 0 |a Informačný systém vo vybranej organizácii  |b bakalárska práca  |c Paulina Duchová ; školiteľ: Vladimír Bolek 
264 1 |a Bratislava  |c 2025 
300 |a 50 s. 
100 1 |a Duchová, Paulina 
700 1 |a Bolek, Vladimír, 1988- 
710 2 |a Fakulta podnikového manažmentu EU. Katedra informačného manažmentu